000 00793nam a22002297a 4500
999 _c165012
_d165012
005 20190715114556.0
010 _aB-728360
020 _a9789386070111
_c599.00
035 _aB-728360
037 _bRK Books
082 _a629.8312
100 _aNagrath,I. J.
245 _aControl systems engineering /
_cby I. J. Nagrath [and] M Gopal
250 _a6th ed
260 _aNew Delhi
_bNew Age International
_c2019 (repr.)
270 _a7/30 A, Daryaganj
_bNew Delhi
_e110002
300 _axiii, 901p.:
_c24cm(pbk)
_bill.
500 _aincludes index
700 _aM Gopal
942 _2ddc
_cEN
_mNAG
_h629.8312